Digital VLSI systems / (Record no. 182473)
[ view plain ]
| 000 -LEADER | |
|---|---|
| fixed length control field | 00845 a2200217 4500 |
| 003 - CONTROL NUMBER IDENTIFIER | |
| control field | Nust |
| 005 - DATE AND TIME OF LATEST TRANSACTION | |
| control field | 20221206122057.0 |
| 010 ## - LIBRARY OF CONGRESS CONTROL NUMBER | |
| LC control number | 85010724 |
| 020 ## - INTERNATIONAL STANDARD BOOK NUMBER | |
| International Standard Book Number | 0879421908 |
| 040 ## - CATALOGING SOURCE | |
| Transcribing agency | Nust |
| 082 00 - DEWEY DECIMAL CLASSIFICATION NUMBER | |
| Classification number | 621.38173,DIG |
| 245 00 - TITLE STATEMENT | |
| Title | Digital VLSI systems / |
| Statement of responsibility, etc. | edited by Mohamed I. Elmasry. |
| 260 ## - PUBLICATION, DISTRIBUTION, ETC. | |
| Place of publication, distribution, etc. | New York : |
| Name of publisher, distributor, etc. | Institute of Electrical and Electronics Engineers, |
| Date of publication, distribution, etc. | c1985. |
| 300 ## - PHYSICAL DESCRIPTION | |
| Extent | xi, 572 p. : |
| Other physical details | ill. ; |
| Dimensions | 29 cm. |
| 490 0# - SERIES STATEMENT | |
| Series statement | IEEE Press selected reprint series |
| 505 ## - FORMATTED CONTENTS NOTE | |
| Formatted contents note | Design and Analysis of Digital VLSI Systems (Page-1), Design Automation (Page-119), Simulation (Page-381), Testability and Fault Tolerant Design (Page-439), Design Examples (Page-503). |
| 650 #0 - SUBJECT ADDED ENTRY--TOPICAL TERM | |
| Topical term or geographic name entry element | Telecommunication Engineering. |
| 700 1# - ADDED ENTRY--PERSONAL NAME | |
| Personal name | Elmasry, Mohamed I., |
| Dates associated with a name | 1943- |
| 9 (RLIN) | 104222 |
| 710 2# - ADDED ENTRY--CORPORATE NAME | |
| Corporate name or jurisdiction name as entry element | IEEE Solid-State Circuits Council. |
| 9 (RLIN) | 104223 |
| 942 ## - ADDED ENTRY ELEMENTS (KOHA) | |
| Source of classification or shelving scheme | |
| Koha item type | Book |
| Withdrawn status | Lost status | Source of classification or shelving scheme | Damaged status | Not for loan | Permanent Location | Current Location | Shelving location | Date acquired | Full call number | Barcode | Date last seen | Price effective from | Koha item type | Public note |
|---|---|---|---|---|---|---|---|---|---|---|---|---|---|---|
| Military College of Signals (MCS) | Military College of Signals (MCS) | General Stacks | 12/12/2016 | 621.38173,DIG | MCS21683 | 12/08/2016 | 12/12/2016 | Book | Almirah No.34, Shelf No.6 |
